000 01125cam a22003137a 4500
003 CHAP
005 20220329141044.0
008 971013s1995 r 00010 d
010 _a61971
011 _a62943
035 _a67119
040 _cCHAP
082 _a333.0972
_bI53
110 _aInstituto Nacional de Estadística, Geografía e Informática. México
_959304
245 0 _aEntrega nacional de certificados y títulos 6 de enero de 1995
260 _aAguascalientes, Ags. :
_bINEGI,
_c1995
300 _a235 p.
_b: ilus.
590 _aBATCH-UPD
_b10
_c20130110
_lUCH01
_h0701
590 _aBATCH-UPD
_b10
_c20130110
_lUCH01
_h2334
590 _aBATCH-UPD
_b10
_c20130410
_lUCH01
_h0346
590 _aBATCH-UPD
_b10
_c20130914
_lUCH01
_h2046
590 _aCONVERSION
_b10
_c20130109
_lUCH01
_h1333
650 1 4 _aTierras
_xTenencia
_zMéxico.
_9113215
650 1 4 _aTierras
_xTítulos.
_9113217
710 0 _aPrograma de Certificación de Derechos Ejidales y Titulación de Solares Urbanos. México.
_992287
901 _aBK
942 _cLIBRO
949 _a333.0972 I53
_bBC
_cINEGI
_d33724000630117
_eINEGI
_h91476
_i67119
_si
999 _c61971
_d61971